Langues - Mort Subite ! - Statistiques

Statistiques générales
  • Ce quiz a été pris 237 fois
  • Le résultat moyen est 5 sur 20
Answers on the Grid
Answers color-coded by a green-red scale on the quiz's grid according to % correct below.
Suisse
Safran
Cusquénien
Canadien
Indien
Kosovar
Liechtensteinois
Argentin
Vénézuélien
Tchécoslovaque
Ligurien
Aroumain
Turkmène
Tagalog
Sarde
Quechua
Pachtô
Odia
Maori
Luxembourgeois
Sasak
Italien
Igbo
Arameo
Haoussa
Frison
Anglais
Cebuano
Judéo-espagnol
Mirandais
 
Statistiques - réponses
Réponse % Correct
Italien
71%
Anglais
66%
Maori
40%
Tagalog
33%
Quechua
29%
Turkmène
28%
Luxembourgeois
27%
Sarde
23%
Pachtô
21%
Igbo
20%
Frison
15%
Haoussa
15%
Ligurien
13%
Arameo
12%
Cebuano
10%
Sasak
10%
Aroumain
9%
Judéo-espagnol
9%
Mirandais
9%
Odia
6%
Aucun quiz correspondant
Distribution des résultats
% des personnes avec chaque résultat
Percentile par nombre de réponses
Votre historique - résultats
Vous n’avez pas pris ce quiz